| 000 | 00657nam a2200241Ia 4500 | ||
|---|---|---|---|
| 003 | OSt | ||
| 005 | 20220918172917.0 | ||
| 006 | a|||||r|||| 00| 0 | ||
| 007 | ta | ||
| 008 | 220917b |||||||| |||| 00| 0 eng d | ||
| 024 | _a3,993 | ||
| 037 | _cTextual | ||
| 040 |
_aARTS _cARTS _beng |
||
| 041 |
_2eng _aeng |
||
| 082 | _a20aT4.3, M6 (2D) | ||
| 100 |
_aBaker David _944047 |
||
| 245 | 0 | _aStudent readeing needs and higer education | |
| 260 |
_aLondon _bThe library association _c1986 |
||
| 300 |
_axvii,214p _ccm. |
||
| 650 | _aLIBRARY SCIENCE | ||
| 942 |
_h20aT4.3, M6 (2D) _cTEXL _2CC |
||
| 999 |
_c146315 _d146315 |
||